Washington Wizards Top 10 Leaders Playoffs - Statistics

General Stats
  • This quiz has been taken 164 times
  • The average score is 8 of 23
Answer Stats
Player % Correct
John Wall
97%
Bradley Beal
94%
Wes Unseld
90%
Elvin Hayes
86%
Marcin Gortat
56%
Antawn Jamison
50%
Gus Johnson
47%
Kevin Porter
43%
Otto Porter Jr.
43%
Earl Monroe
41%
Manute Bol
28%
Phil Chenier
28%
Bob Dandridge
26%
Brendan Haywood
24%
Markieff Morris
17%
Kevin Loughery
10%
Greg Ballard
9%
Kevin Grevey
9%
Jack Marin
8%
Tom Henderson
7%
Larry Wright
6%
Mitch Kupchak
6%
Mike Riordan
4%
No matching quizzes found
Score Distribution
Percent of People with Each Score
Percentile by Number Answered
Your Score History
You have not taken this quiz